Central Library OPAC University of Rajshahi

Six Proust reconstructions / (Record no. 20648)

MARC details
000 -LEADER
fixed length control field 00775nam a2200241u 4500
001 - CONTROL NUMBER
control field 20648
003 - CONTROL NUMBER IDENTIFIER
rucl marc code BD-RjUL
005 - DATE AND TIME OF LATEST TRANSACTION
control field 20211209000607.0
008 - FIXED-LENGTH DATA ELEMENTS--GENERAL INFORMATION
fixed length control field 140301s1958 enka 000 0beng d
035 ## - SYSTEM CONTROL NUMBER
System control number (BD-RjUL)20710
040 ## - CATALOGING SOURCE
Original cataloging agency DLC
Transcribing agency CarP
Modifying agency DLC
Language of cataloging eng
041 ## - LANGUAGE CODE
Language code of text/sound track or separate title eng
082 04 - DEWEY DECIMAL CLASSIFICATION NUMBER
Classification number 843.91
Author mark and year JOS 1958
100 1# - MAIN ENTRY--PERSONAL NAME
Personal name Johnson, Pamela Hansford,
Dates associated with a name 1912-
9 (RLIN) 63713
245 10 - TITLE STATEMENT
Title Six Proust reconstructions /
Statement of responsibility, etc. Pamela Hansford Johnson.
260 ## - PUBLICATION, DISTRIBUTION, ETC. (IMPRINT)
Place of publication, distribution, etc. London :
Name of publisher, distributor, etc. Macmillan,
Date of publication, distribution, etc. 1958.
300 ## - PHYSICAL DESCRIPTION
Pagination xii, 292 p. :
Illustrations illus.
Size 23 cm.
600 10 - SUBJECT ADDED ENTRY--PERSONAL NAME
Personal name Proust, Marcel,
Dates associated with a name 1871-1922
General subdivision Parodies, imitations, etc.
700 1# - ADDED ENTRY--PERSONAL NAME
Personal name Proust, Marcel,
Dates associated with a name 1871-1922.
942 ## - ADDED ENTRY ELEMENTS (KOHA)
Source of classification or shelving scheme Dewey Decimal Classification
Koha item type Books
Holdings
Lost status Source of classification or shelving scheme Damaged status Not for loan Collection code Permanent Location Current Location Shelving location Date acquired Source of acquisition Cost, normal purchase price Total Checkouts Full call number Date last seen Copy number Koha item type
  Dewey Decimal Classification   Added to bundle Non-fiction Central Library, University of Rajshahi Central Library, University of Rajshahi Reading Room 02/11/1968 Zeitlinger 21.00   843.91 JOS 1958 01/03/2014 C-1 Books